Equipe de France - Coupe du Monde 2006 - Statistiques

Statistiques générales
  • Ce quiz a été pris 629 fois
  • Le résultat moyen est 16 sur 24
Statistiques - réponses
Poste Club du moment Nom du joueur % Correct
M 10 Réal Madrid Zinédine ZIDANE
98%
G 16 OM Fabien BARTHEZ
97%
ATT 12 Arsenal Thierry HENRY
97%
ATT 20 Juventus David TREZEGUET
92%
M 22 OM Franck RIBERY
89%
M 4 Juventus Patrick VIEIRA
86%
Coach // France Raymond DOMENECH
85%
M 6 Chelsea Claude MAKELELE
84%
G 23 OL Grégory COUPET
84%
D 15 Juventus Lilian THURAM
83%
D 19 Bayern Munich Willy SAGNOL
78%
G 1 Nantes Mickael LANDREAU
73%
M 7 OL Florent MALOUDA
72%
D 5 Chelsea William GALLAS
70%
D 3 OL Éric ABIDAL
65%
M 9 OL Sydney GOVOU
61%
ATT 11 OL Sylvain WILTORD
58%
ATT 14 Man.United Louis SAHA
48%
M 18 RC Lens Alou DIARRA
46%
D 2 Newcastle Jean-Alain BOUMSONG
37%
M 8 PSG Vikash DHORASOO
35%
D 21 Wigan Athletic Pascal CHIMBONDA
33%
D 17 AS Monaco Gaël GIVET
32%
D 13 Man.United Mikaël SYLVESTRE
32%
Aucun quiz correspondant
Distribution des résultats
% des personnes avec chaque résultat
Percentile par nombre de réponses
Votre historique - résultats
Vous n’avez pas pris ce quiz